| 000 | 01214nam a2200301Ia 4500 | ||
|---|---|---|---|
| 001 | ebr10142134 | ||
| 003 | CaPaEBR | ||
| 006 | m u | ||
| 007 | cr cn||||||||| | ||
| 008 | 870506s1988 nyu sb 001 0 eng d | ||
| 010 | _z 87014037 | ||
| 020 | _z0195049411 (alk. paper) | ||
| 040 |
_aCaPaEBR _cCaPaEBR |
||
| 035 | _a(OCoLC)182530942 | ||
| 050 | 1 | 4 |
_aBX7260.E3 _bJ46 1988eb |
| 082 | 0 | 4 |
_a230/.58/0924 _219 |
| 100 | 1 | _aJenson, Robert W. | |
| 245 | 1 | 0 |
_aAmerica's theologian _h[electronic resource] : _ba recommendation of Jonathan Edwards / _cRobert W. Jenson. |
| 260 |
_aNew York ; _aToronto : _bOxford University Press, _c1988. |
||
| 300 | _axii, 224 p. | ||
| 504 | _aIncludes bibliography: p. 197-218 and index. | ||
| 533 |
_aElectronic reproduction. _bPalo Alto, Calif. : _cebrary, _d2009. _nAvailable via World Wide Web. _nAccess may be limited to ebrary affiliated libraries. |
||
| 600 | 1 | 0 |
_aEdwards, Jonathan, _d1703-1758. |
| 650 | 0 |
_aCongregationalists _zUnited States _vBiography. |
|
| 655 | 7 |
_aElectronic books. _2local |
|
| 710 | 2 | _aebrary, Inc. | |
| 856 | 4 | 0 |
_uhttp://site.ebrary.com/lib/rucke/Doc?id=10142134 _zAn electronic book accessible through the World Wide Web; click to view |
| 999 |
_c196096 _d196096 |
||